000 00909nam a22002777a 4500
001 BR2014002196
003 BR-BrBNA
005 20230928104427.0
007 ta
008 230509b bl.||||| |||| 00| 0 por d
040 _aBR-BrBNA
_bpor
_cBiblioteca Nacional de Agricultura
041 _a(Por)
072 _aC30; E14
090 _ C30 BR2014002196
100 1 _aCordeiro, P.P.
110 1 _aSistema Nacional de Informação e Documentação Agrícola,Brasília, DF (Brasil)
_99576
245 1 _aO papel de uma biblioteca nacional no fornecimento de informações aos usuários de uma biblioteca pública: o caso Binagri
_bDOC/COM/006/81
260 3 _aBrasília, DF (Brasil):
_c1981.
300 _a13 p.
500 _a8 ref.; Summary (Eng, Por)
650 _aSISTEMA DE INFORMAÇÃO
650 _aDOCUMENTAÇÃO
650 _aBIBLIOTECA
909 _a202309
_bLucia
_c55
_dLucia Elande
942 _cBK
999 _c79846
_d79846